Cuentos tradicionales europeos
Gorde:
| Egile nagusia: | |
|---|---|
| Formatua: | Liburua |
| Hizkuntza: | gaztelania |
| Argitaratua: |
Santiago
Andrés Bello
1998
|
| Edizioa: | 4a. ed |
| Gaiak: | |
| Etiketak: |
Etiketa erantsi
Etiketarik gabe, Izan zaitez lehena erregistro honi etiketa jartzen!
|
MARC
| LEADER | 00000cam a2200000 a 4500 | ||
|---|---|---|---|
| 001 | UCH8337 | ||
| 003 | CL-VaPUC | ||
| 008 | 091127e19980000CL |||||||||||||||||spa|d | ||
| 020 | |a 9561311410 | ||
| 082 | 0 | 4 | |a Ch863 |b BAL |2 21 |
| 100 | 0 | |a Balcells, Jacqueline |e author |9 544867 | |
| 245 | 1 | 0 | |a Cuentos tradicionales europeos |
| 250 | |a 4a. ed | ||
| 300 | |a 114 p | ||
| 942 | |c BK | ||
| 945 | |d 20091127 00:00:00 |a lazolas | ||
| 260 | |a Santiago |b Andrés Bello |c 1998 | ||
| 650 | 0 | |a Cuentos infantiles chilenos |9 308784 | |
| 650 | 7 | |a CUENTOS EUROPEOS |2 CL-VaPUC |9 544332 | |
| 999 | |c 338560 |d 338558 | ||
| 583 | |k Rodrigo Vera | ||